Principles of physics (Record no. 18147)

MARC details
000 -LEADER
fixed length control field 00671nam a2200241Ia 4500
003 - CONTROL NUMBER IDENTIFIER
control field IN-BaIIA
008 - FIXED-LENGTH DATA ELEMENTS--GENERAL INFORMATION
fixed length control field 211028s9999 xx 000 0 eng d
020 ## - INTERNATIONAL STANDARD BOOK NUMBER
International Standard Book Number 978-0-470-56158-4
040 ## - CATALOGING SOURCE
Transcribing agency IIA Library
080 ## - UNIVERSAL DECIMAL CLASSIFICATION NUMBER
Universal Decimal Classification number 53
Item number HAL
100 ## - MAIN ENTRY--PERSONAL NAME
Personal name Halliday, David
245 #0 - TITLE STATEMENT
Title Principles of physics
Statement of responsibility, etc. David Halliday, Robert Resnick and Jearl Walker
250 ## - EDITION STATEMENT
Edition statement 9th ext. ed.
260 ## - PUBLICATION, DISTRIBUTION, ETC.
Place of publication, distribution, etc. New Jersey
Name of publisher, distributor, etc. John Wiley & Sons
Date of publication, distribution, etc. 2011
300 ## - PHYSICAL DESCRIPTION
Extent xxii, 1248p.
650 ## - SUBJECT ADDED ENTRY--TOPICAL TERM
Topical term or geographic name entry element Force and motion
9 (RLIN) 34686
650 ## - SUBJECT ADDED ENTRY--TOPICAL TERM
Topical term or geographic name entry element Measurement
9 (RLIN) 34687
650 ## - SUBJECT ADDED ENTRY--TOPICAL TERM
Topical term or geographic name entry element Physics
9 (RLIN) 73
650 ## - SUBJECT ADDED ENTRY--TOPICAL TERM
Topical term or geographic name entry element Vectors
9 (RLIN) 25871
700 ## - ADDED ENTRY--PERSONAL NAME
Personal name Resnick, Robert
9 (RLIN) 7993
700 ## - ADDED ENTRY--PERSONAL NAME
Personal name Walker, Jearl
9 (RLIN) 9425
942 ## - ADDED ENTRY ELEMENTS (KOHA)
Koha item type Books
Holdings
Withdrawn status Lost status Damaged status Not for loan Home library Current library Shelving location Date acquired Source of acquisition Cost, normal purchase price Total Checkouts Full call number Barcode Date last seen Date last checked out Cost, replacement price Price effective from Koha item type Purchase Price
        IIA Library-Bangalore IIA Library-Bangalore General Stacks 26/09/2011 SIP 4398.00 1 53/ HAL 19069 05/02/2022 08/12/2021 4398.00 26/09/2011 Books Rs. 4398.00

Powered by Koha